Praeda. Butín de guerre et société dans la Rome républicaine

Uloženo v:
Podrobná bibliografie
Hlavní autoři: Coudry, Marianne (Autor), Humm, Michel (Autor)
Médium: Kniha
Jazyk:francouzština
němčina
Vydáno: Stuttgart Franz Steiner 2009
Edice:Collegium Beatus Rhenanus, 1
Témata:
Tagy: Přidat tag
Žádné tagy, Buďte první, kdo vytvoří štítek k tomuto záznamu!

MARC

LEADER 00000nam a2200000 a 4500
001 UCG6160
003 CL-VaPUC
008 110407e20090000GW |||||||||||||||||fre|d
020 |a 9783515093828 
041 0 7 |a fre  |2 CL-VaPUC 
041 0 7 |a ger  |2 CL-VaPUC 
082 0 4 |a 937.02  |b COU  |2 21 
100 0 |a Coudry, Marianne  |e author  |9 556172 
700 0 |a Humm, Michel  |e author  |9 556173 
245 1 0 |a Praeda. Butín de guerre et société dans la Rome républicaine 
246 1 0 |a Kriegsbeute und gesellschaft im republikanischen Rom 
300 |a 294 p 
942 |c BK 
945 |d 20110407 00:00:00  |a jcampos 
260 |a Stuttgart  |b Franz Steiner  |c 2009 
650 0 |a Historia de Roma   |9 315349 
650 0 |a República romana  |9 433651 
650 0 |a Guerra  |9 255876 
650 7 |a EJERCITO ROMANO  |2 CL-VaPUC  |9 556174 
583 |a last modification  |c 20110407 00:00:00  |k Rodrigo Vera 
490 0 |a Collegium Beatus Rhenanus, 1 
999 |c 344437  |d 344435 
952 |0 0  |1 0  |4 0  |6 937_020000000000000_COU_2009  |7 0  |8 A  |9 442407  |a BIBHIS  |b BIBHIS  |d 2019-11-22  |i 4764099  |o 937.02 COU 2009  |p 4764099  |r 2025-01-20  |w 2019-11-22  |y BK  |k HIS